Meclis bülteni (Record no. 11416)

MARC details
000 -BAŞLIK
Sabit Uzunlukta Kontrol Alanı 01315na a2200349 4500
001 - KONTROL NUMARASI
Denetim Alanı 22159
003 - KONTROL NUMARASI IDENTIFIER
Denetim Alanı MIRAKIL
005 - SON İŞLEM TARİHİ VE ZAMANI
Denetim Alanı 20181226092844.0
008 - SABİT-BOY VERİ ELEMANLARI - GENEL BİLGİLER
Sabit Uzunlukta Kontrol Alanı 170212b tu n0 0 0
022 ## - ULUSLARARASI STANDART SERİ NUMARASI
Uluslararası Standart Süreli Yayın Numarası 2146-7730
035 ## - SİSTEM KONTROL NUMARASI
Sistem Kontrol Numarası 20919
040 ## - KATALOGLAMA KAYNAK
Orijinal Kataloglama Ajansı Milas
Kataloglama Dili tur
Metne Dönüştürmek Ajansı TR-AnCHP
041 ## - DİL KODU
Metin / Ses Parça Veya Ayrı Başlığın Dil Kodu tur
090 ## - SINIFLAMA NUMARASI
Sınıflama Numarası 050 DER 100
222 ## - ANAHTAR ADI
Anahtar Başlık Meclis bülteni
245 ## - BAŞLIK TABLOSU
Başlık Meclis bülteni
Başlığın Kalan Türkiye Büyük Millet Meclisi aylık yayın organı
Sorumluluk Tablosu, Vb [yayınlayan] TBMM Basın ve Halkla İlişkiler Müdürlüğü
246 ## - UNVAN FORM VARYING
Başlık Doğru / Kısa Başlığı TBMM bülteni
247 ## - ESKİ ADI
Başlık TBMM Aylık Bülten
247 ## - ESKİ ADI
Başlık Türkiye Büyük Millet Meclisi Bülteni
260 ## - YAYIN, DAĞITIM, VB
Yayın, Dağıtım, Vb Yeri Ankara
Yayıncı, Dağıtıcı, Vs Adı TBMM Kültür, Sanat ve Yayın Kurulu
Yayın, Dağıtım, Vb Tarihi 1990-
300 ## - FİZİKSEL TANIM
Kapsam c.
Boyutlar 27 sm.
362 ## - YAYIN VE / VEYA SIRALI GÖREVLENDİRİLMESİNE TARİHLERİ
Yayın Ve / Veya Ardışık Kullanım Amacı Tarihleri sayı 144 (Nisan 2008) -
500 ## - GENEL NOT
Genel Not Mevcut sayılar: (144) Nisan 2008; (160) Şubat 2010; (165) Ekim 2010; (170) Mart-Nisan 2011; (176) Şubat 2012; (179) Mayıs 2012; (219) Aralık 2016
500 ## - GENEL NOT
Genel Not Derginin adı 2004 yılı sayı 105'de 'Meclis Bülteni' oldu.
651 ## - KONU KATMA GİRİŞ - COĞRAFİ ADI
Coğrafi İsim Türkiye
Form Alt Bölümü Süreli yayınlar
Genel Alt Bölümü Siyaset ve yönetim
710 ## - KATMA GİRİŞ - KURUMSAL ADI
Giriş Elemanı Olarak Kurumsal Ad Veya Yargı Alanı Adı TBMM
Alt Birim Basın ve Halkla İlişkiler Müdürlüğü
910 ## - KULLANICI SEÇENEK, VERİLERİN (OCLC)
Kullanıcı Seçenek Veri DERGİ 100
942 ## - EKLENDİ GİRİŞ ELEMANLARI (KOHA)
Sınıflandırma Veya Raf Düzeni Kaynak Dewey Decimal Classification
Koha Öğesi Türü Serials
999 ## - SİSTEM KONTROL NUMARALARI (KOHA)
Koha Biblionumber 11416
Koha Biblioitemnumber 11416
310 ## - MEVCUT YAYIN FREKANSI
Güncel Yayın Frekansı Aylık
655 ## - INDEX DÖNEM - TÜR / FORMU
-- Bülten
Holdings
Kullanım Kısıtlamaları Kalıcı Konum Mevcut Konum Edinme Tarihi Kodlu Konum Eleme Toplam Check-Out'Lar Tam Çağrı Numarası Barkod Tarih Son Görülme İtibaren Geçerli Fiyatlar Sigara Kamu Notu Koha Öğesi Türü
Kütüphane dışına çıkarılamaz CHP Kütüphanesi CHP Kütüphanesi 02/11/2017 SÜRELİ YAYINLAR   ATA 050 DER 64 D100 02/11/2017 02/11/2017 Serials